000 00166nam a2200073Ia 4500
008 170817s9999 xx 000 0 und d
100 _aBERAND RUSSELL
245 0 _aON EDUCATION
260 _bCOSMO PUB.
999 _c36749
_d36749